000 00748nam a2200265Ia 4500
008 170711s9999 xx 000 0 und d
020 _a9780071289696
050 _a659.1
050 _bM366 2012
100 _aMarshall, Perry
245 _aUltimate guide to facebook advertising :
245 _bhow to access 600 million customers in 10 minutes /
245 _cby Perry Marshall and Thomas Meloche.
260 _aPhilippines :
260 _bEntrepreneur Press,
260 _c2012
300 _axvii, 267 pages :
300 _billustrations ;
300 _c23cm.
500 _aIncludes index.
650 _aFacebook (Electronic Resource).
650 _aInternet advertising.
700 _aMeloche, Thomas.
700 _aTitle.
999 _c339558
_d339558